000 006220000a22001930004500
090 _aAR
_b01494
245 1 0 _aStructure and dynamics of arthropod communities in bat guano deposits in buildings
650 1 4 _aArtrópodos
_92658
650 1 4 _aCuevas
_994267
650 1 4 _aGuano
_994113
650 1 4 _aEcología
_992250
651 4 _mNew Hampshire
_dNueva Inglaterra
_pEstados Unidos
_992749
653 _gMyotis
_eMyotis lucífugus
041 0 _aInglés
700 1 _aKunz, Thomas H.
_994801
100 1 _aBernath, Robin Franklin
_994838
942 _cARTICULO
773 1 _tCanadian Journal of Zoology
_3188
_q260-270
_d1981
_g59
999 _c10577
_d10577